| 000 | 00417nam a2200133Ia 4500 | ||
|---|---|---|---|
| 008 | 220216s9999 xx 000 0 und d | ||
| 100 | _aRoss J M | ||
| 245 | 0 | _aFirestone plantations experience with ethrel yield stimulant | |
| 260 | _bProceedings of the RRIM Planters Conference, Kuala Lumpur, 1971; p90-103 | ||
| 650 | _aEthrel stimulant | ||
| 650 | _aFirestone plantation | ||
| 700 | _aDinsmore C S | ||
| 942 | _cJS | ||
| 999 |
_c59435 _d59435 |
||